खुनी नंदकिशोरी आणि इतर कथा (Record no. 445721)

MARC details
000 -LEADER
fixed length control field 00581nam a2200145Ia 4500
008 - FIXED-LENGTH DATA ELEMENTS--GENERAL INFORMATION
fixed length control field 100204s9999 xx 000 0 und d
082 ## - DEWEY DECIMAL CLASSIFICATION NUMBER
Item number 526
100 ## - MAIN ENTRY--PERSONAL NAME
Personal name बोरकर लक्ष्मीदास
245 ## - TITLE STATEMENT
Title खुनी नंदकिशोरी आणि इतर कथा
260 ## - PUBLICATION, DISTRIBUTION, ETC. (IMPRINT)
Name of publisher, distributor, etc "प्रिया प्रकाशन, मुंबई"
Date of publication, distribution, etc 1977
300 ## - PHYSICAL DESCRIPTION
Extent 199
630 ## - SUBJECT ADDED ENTRY--UNIFORM TITLE
Uniform title खुनी नंदकिशोरी आणि इतर कथा
730 ## - ADDED ENTRY--UNIFORM TITLE
Uniform title खुनी नंदकिशोरी आणि इतर कथा
942 ## - ADDED ENTRY ELEMENTS (KOHA)
Koha item type Book
Holdings
Withdrawn status Lost status Damaged status Not for loan Home library Current library Date acquired Cost, normal purchase price Total Checkouts Full call number Barcode Date last seen Cost, replacement price Price effective from Koha item type Public note
  Missing from bundle     N. C. Kelkar Sarvajanik Library, Mulund N. C. Kelkar Sarvajanik Library, Mulund 02/04/2010 16.00   526 NCKMULUND-526 02/04/2010 16.00 02/04/2010 Book 1)गहाळ